Multimedia Communications, Services and Security : 5th International Conference, MCSS 2012, Krakow, Poland, May 31--June 1, 2012. Proceedings /

Guardado en:
Detalles Bibliográficos
Autor principal: Andrzej Dziech, Andrzej Czy.ewski (edición)
Formato: Libro
Idioma:Inglés
Publicado: Berlín, Alemania : Springer, 2012, c2012
Colección:(Communications in Computer and Information Science)
Acceso en línea:Ver documento en línea
Etiquetas: Agrega una etiqueta
Sin etiquetas, Sé el primero en etiquetar este registro!

MARC

LEADER 00000nam^a22000000a04500
001 000609453
009 20260417115743.688
020 |a 978-3-642-30721-8 
022 |a 1865-0937 
037 |a Acervo ITESO - Biblioteca 
041 |a ING 
082 |a Libro en línea 
100 |a Andrzej Dziech, Andrzej Czy.ewski  |e (edición) 
245 |a Multimedia Communications, Services and Security :  |b 5th International Conference, MCSS 2012, Krakow, Poland, May 31--June 1, 2012. Proceedings / 
264 4 |a Berlín, Alemania :  |b Springer,  |c 2012, c2012 
264 2 |a Cham, Suiza :  |b Springer Link [distribución],  |c 2025 
300 |a 1 libro electrónico en línea (XIII, 394 p.) 
300 |a 1 recurso en línea 
336 |a datos para computadora  |b cod  |2 rdacontenido 
337 |a computadora  |b c  |2 rdamedio 
338 |a recurso en línea  |b cr  |2 rdasoporte 
440 |a (Communications in Computer and Information Science) 
506 0 |a Licencias ilimitadas 
567 |a Catalogación rápida 
649 |a XX 
856 4 0 |u https://link-springer-com.ezproxy.iteso.mx/10.1007/978-3-642-30721-8  |y Ver documento en línea 
910 |a Fondo General 
920 |a Electrónicos - Libros en Línea 
930 |a Plataforma Digital 
905 |a 205 
902 |a https://opac.biblio.iteso.mx/vufind/Record/000609453